| 000 | 00973nam a22002057a 4500 | ||
|---|---|---|---|
| 008 | 160702b xxu||||| |||| 00| 0 eng d | ||
| 020 | _a9780325011363 | ||
| 082 |
_22009 _aDC 428.24 _bF87a |
||
| 100 |
_910784 _aFreeman, Yvonne S. |
||
| 245 |
_aAcademic language for english language learners and struggling readers: _bhow to help students succeed across content area/ _cYvonne S. Freeman and David E. Freeman. |
||
| 260 |
_aPortsmouth: _bHeinemann, _cc2009. |
||
| 300 |
_axix, 210 pages: _billustrations; _c23 cm. |
||
| 500 | _aIncludes bibliographical references, glossary, and index. | ||
| 650 | 0 |
_910785 _aEnglish language _vStudy and teaching _xForeign speakers |
|
| 650 | 0 |
_910786 _aLimited english proficient students _xEducation _zUnited States |
|
| 650 | 0 |
_910787 _aLanguage arts _xCorrelation with contents subjects _zUnited States |
|
| 650 | 0 |
_910788 _aReading _xRemedial teaching _zUnited States |
|
| 700 |
_910789 _aFreeman, David E. _eAuthor |
||
| 942 |
_2ddc _cDC |
||
| 999 |
_c3225 _d3225 |
||